Statistics for Advance Australia Fair (Anthem of Australia) Lyrics Quiz

Click here to take the quiz!

General Stats

  • This quiz has been taken 157 times
  • The average score is 33 of 44

Answer Stats

Answers% Correct
Australia
100%
Advance
94%
Fair
94%
we
91%
are
86%
free
86%
and
85%
land
85%
us
85%
Our
84%
For
83%
for
83%
In
83%
in
83%
let
83%
is
81%
young
80%
sea
78%
Australians
77%
all
76%
rejoice
75%
by
74%
home
72%
rich
72%
soil
72%
toil
72%
history's
71%
golden
70%
beauty
69%
page
69%
rare
69%
stage
69%
nature's
68%
wealth
68%
every
67%
Of
67%
sing
67%
gifts
66%
girt
66%
abounds
63%
joyful
59%
We've
58%
strains
54%
then
53%

Score Distribution

Percentile by Number Answered

Percent of People with Each Score

Your Score History

You have not taken this quiz